Etiqueta de registo: 00230nam 2200025 450
001 1701673
003 http://id.bnportugal.gov.pt/bib/catbnp/1701673
010 ## $a978-84-611-4097-8
021 ## $aPT$bGU-436/2006
100 ## $a20090205d2008 m y0pory0103 ba
101 0# $aspa
102 ## $aES
106 ## $ar
200 1# $aAlfonsina
205 ## $a2ª ed
210 #9 $aGuadalajara$cPalabras del Candil,$d2008
215 ## $a77 p. a 2 colns
225 2# $a1001 noches$v1
675 ## $a087.5$vBN$zpor$3287999
675 ## $a821.134.2-93"19/20"$vBN$zpor$31297833
675 ## $a821.134.2-34"19/20"$vBN$zpor$31256383
702 #1 $aMaestro,$bPepe$31407615
801 #0 $aPT$bBN$gRPC
966 ## $lBN$mFGMON$sP. 17290 P.$x3
Etiqueta de registo: 00254nam 2200025 450
001 2283983
003 http://id.bnportugal.gov.pt/bib/catbnp/2283983
010 ## $a978-84-126601-1-1
021 ## $aPT$b533349/24
100 ## $a20260409d2024 m y0pory01030103ba
101 1# $apor
102 ## $aPT
105 ## $aa z 000yy
106 ## $ar
200 1# $aMeio Miguel$fPepe Maestro$gil. Guridi
205 ## $a1ª ed
210 #9 $a[S.l.]$cSilencio,$dD.L. 2024
304 ## $aTít. orig.: Medio Miguel
675 ## $a087.5$vBN$zpor$3287999
675 ## $a741(=(460)"20"$vBN$zpor$31997098
700 #1 $aMaestro,$bPepe$31407615
702 #0 $aGuridi,$f1970-$4440$31744756
801 #0 $aPT$bBN$gRPC
856 41 $uhttp://rnod.bnportugal.gov.pt/ImagesBN/winlibimg.aspx?skey=&doc=2283983&img=221899&save=true
900 ## $aBIBNAC$d20260507
966 ## $lBN$mFGMON$sP. 72672 V.$x1
971 ## $cabrito$d20260409
972 ## $e0$z0$d20260507$vasantos
973 ## $ctrodrigues$d20260428
975 ## $e0$d20260508$viquintas